| 000 | 00957nam a2200229Ia 4500 | ||
|---|---|---|---|
| 001 | 6367 | ||
| 003 | GE_BSU | ||
| 008 | 181216s||||||||xx |||||||||||||| ||und|| | ||
| 040 | _cGE_BSU | ||
| 080 | _a82-93:821.353.1-32 | ||
| 100 | _aბაწელაშვილი,ზაზა. | ||
| 245 | _aუკანასკნელი მოსახლე:მთვარის დაბადება. | ||
| 245 | _bმოთხრობები საშ.სასკოლო ასაკის ბავშვთათვის. | ||
| 245 | _cრედ:ლ.ქადაგიშვილი;მხატვ:.შ. დოლიძე. | ||
| 260 | _aთბილისი. | ||
| 260 | _bნაკადული. | ||
| 260 | _c1977. | ||
| 300 | _a64გვ;ილ;20სმ. | ||
| 653 | _aმოთხრობები. | ||
| 653 | _aუკანასკნელი მოსახლე:მთვარის დაბადება. | ||
| 942 | _cBK | ||
| 999 |
_c39762 _d39762 |
||